| 000 | 01149cam a22002891a 4500 | ||
|---|---|---|---|
| 001 | f 01002725 | ||
| 003 | DLC | ||
| 005 | 20260227111244.0 | ||
| 008 | 840218s1883 fr af c 000 0 fre | ||
| 010 | _af 01002725 | ||
| 035 | _a(OCoLC)10433182 | ||
| 040 |
_aDLC _cOO _dOCoLC _dMBAt _dDLC |
||
| 042 | _apremarc | ||
| 050 | 0 | 0 |
_aNB150 _b.P25 |
| 110 | 2 |
_aMusée du Louvre. _bDépartement des antiquités orientales et de la céramique antique. |
|
| 245 | 1 | 4 |
_aLes figurines antiques de terre cuite du Musée du Louvre / _cpar Léon Heuzey ... gravées par Achille Jacquet ... |
| 260 |
_aParis : _bA. Morel et cie, _c1883. |
||
| 300 |
_a[4], iv, 30, [2] p., 56 (i.e. 60) leaves of plates : _bill. ; _c37 cm. |
||
| 500 | _aTitle vignette. | ||
| 500 | _a"Ouvrage publié sous les auspices du Ministère de l'instruction publique et des beaux-arts." | ||
| 650 | 0 | _aTerra-cotta sculpture. | |
| 650 | 0 |
_aTerra-cotta sculpture _zFrance _zParis _vCatalogs. |
|
| 650 | 0 | _aTerra-cotta figurines. | |
| 700 | 1 |
_aHeuzey, Léon Alexandre, _d1831-1922. |
|
| 700 | 1 |
_aJacquet, Achille, _d1846-1908. |
|
| 710 | 1 |
_aFrance. _bMinistère de l'éducation nationale. |
|
| 999 |
_c22916 _d22916 |
||